Statistical methods in cryptanalysis / (Record no. 188749)
[ view plain ]
| 000 -LEADER | |
|---|---|
| fixed length control field | 00746 a2200181 4500 |
| 003 - CONTROL NUMBER IDENTIFIER | |
| control field | Nust |
| 005 - DATE AND TIME OF LATEST TRANSACTION | |
| control field | 20230114150507.0 |
| 020 ## - INTERNATIONAL STANDARD BOOK NUMBER | |
| International Standard Book Number | 7642183 |
| 040 ## - CATALOGING SOURCE | |
| Transcribing agency | Nust |
| 082 ## - DEWEY DECIMAL CLASSIFICATION NUMBER | |
| Classification number | 355.3432,KUL |
| 100 ## - MAIN ENTRY--PERSONAL NAME | |
| Personal name | Kullback, Solomon |
| 9 (RLIN) | 106826 |
| 245 ## - TITLE STATEMENT | |
| Title | Statistical methods in cryptanalysis / |
| Statement of responsibility, etc. | Solomon Kullback, Phd |
| 260 ## - PUBLICATION, DISTRIBUTION, ETC. | |
| Place of publication, distribution, etc. | USA |
| Name of publisher, distributor, etc. | Aegean press |
| 300 ## - PHYSICAL DESCRIPTION | |
| Extent | 205:p |
| 505 ## - FORMATTED CONTENTS NOTE | |
| Formatted contents note | Introduction (Page-1), GeneraalConsiderations Of Probability, (Page-2-3), Statistics (Page-4-6), Applications (Page-24-47), Matching alphabets (Page-48-80), frequency dat (Page-93-132), Statistical tables (Page-133-144), Appendixes (Page-148-157), Charts (Page-158-190), Statisyical Problems (Page-191-201). |
| 650 ## - SUBJECT ADDED ENTRY--TOPICAL TERM | |
| Topical term or geographic name entry element | Cryptography |
| 942 ## - ADDED ENTRY ELEMENTS (KOHA) | |
| Koha item type | Book |
| Source of classification or shelving scheme | |
| Call number prefix | 355.3432,KUL |
| Withdrawn status | Lost status | Source of classification or shelving scheme | Damaged status | Not for loan | Permanent Location | Current Location | Shelving location | Date acquired | Full call number | Barcode | Date last seen | Price effective from | Koha item type | Public note |
|---|---|---|---|---|---|---|---|---|---|---|---|---|---|---|
| Military College of Signals (MCS) | Military College of Signals (MCS) | General Stacks | 12/12/2016 | 355.3432,KUL | MCS926 | 12/08/2016 | 12/12/2016 | Book | Almirah No.53, Shelf No.2 |
